{"text_format":"3","workbook":"xls","n_sheets":3,"sheets":["Sheet1","Sheet2","Sheet3"],"read":"whole","date_system":"1900","formulas":"cached_only"}

{"sheet":"Sheet1","index":0,"n_rows":18,"n_cols":8,"rows_kept":18,"merged":[[0,0,0,7],[1,0,1,6],[16,1,16,4],[17,0,17,7]],"flags":["formulas_cached_only"]}
["机械招标要约价"]
["工程名称：红谷滩区雨污管网及污水处理综合改造工程-机械"]
["序号","名称","型号","单位","数量","含税单价（元）","含税总价（元）","备注"]
[1,"履带式挖掘机","斗容量0.6方","台班",{"v":186,"d":"186.00"},1360,{"v":252960,"d":"252960.00"}]
[2,"履带式挖掘机","斗容量1.0方","台班",{"v":50,"d":"50.00"},2280,{"v":114000,"d":"114000.00"}]
[3,"履带式挖掘机","12m长臂挖机","台班",{"v":2,"d":"2.00"},2700,{"v":5400,"d":"5400.00"}]
[4,"炮机","60/120型小炮机","台班",{"v":128,"d":"128.00"},2100,{"v":268800,"d":"268800.00"}]
[5,"炮机","200/220型大炮机","台班",{"v":20,"d":"20.00"},3000,{"v":60000,"d":"60000.00"}]
[6,"机械进出场","进场+出场","台次",{"v":56,"d":"56.00"},500,{"v":28000,"d":"28000.00"}]
[7,"农用车","6-8方","车",{"v":65,"d":"65.00"},400,{"v":26000,"d":"26000.00"}]
[8,"后八轮","15方","车",{"v":10,"d":"10.00"},700,{"v":7000,"d":"7000.00"}]
[9,"吸污车","10t","台班",{"v":26,"d":"26.00"},2000,{"v":52000,"d":"52000.00"}]
[10,"管道疏通车","10t","台班",{"v":26,"d":"26.00"},2000,{"v":52000,"d":"52000.00"}]
[11,"潜望镜","QV潜望镜检测","每米",{"v":120,"d":"120.00"},7,{"v":840,"d":"840.00"}]
[12,"发电机"," 功率16kW(中)","台班",{"v":242,"d":"242.00"},310,{"v":75020,"d":"75020.00"}]
[13,"污水泵抽水（功率11kw）","管径160mm","台班",{"v":240,"d":"240.00"},100,{"v":24000,"d":"24000.00"}]
[null,"合计（元）：",{"$nulls":4},{"v":966020,"d":"966020.00"}]
["备注：1、招标暂估数量由市政管养部、工程管理部提供，结算据实调整；\n      2、本单价为机械租赁市场参考行情价（综合考虑所有税费，劳务税率3%）"]

{"sheet":"Sheet2","index":1,"n_rows":0,"n_cols":0,"rows_kept":0,"flags":["formulas_cached_only"]}

{"sheet":"Sheet3","index":2,"n_rows":0,"n_cols":0,"rows_kept":0,"flags":["formulas_cached_only"]}